<?xml version="1.0" encoding="UTF-8"?>
<record
    xmlns:xsi="http://www.w3.org/2001/XMLSchema-instance"
    xsi:schemaLocation="http://www.loc.gov/MARC21/slim http://www.loc.gov/standards/marcxml/schema/MARC21slim.xsd"
    xmlns="http://www.loc.gov/MARC21/slim">

  <leader>00670nam a22001937a 4500</leader>
  <datafield tag="952" ind1=" " ind2=" ">
    <subfield code="0">0</subfield>
    <subfield code="1">0</subfield>
    <subfield code="2">lcc</subfield>
    <subfield code="4">0</subfield>
    <subfield code="7">0</subfield>
    <subfield code="a">21</subfield>
    <subfield code="b">21</subfield>
    <subfield code="d">2014-08-16</subfield>
    <subfield code="l">2</subfield>
    <subfield code="o">PQ7203 O76 2012</subfield>
    <subfield code="p">21 002496</subfield>
    <subfield code="r">2016-12-14</subfield>
    <subfield code="s">2016-12-14</subfield>
    <subfield code="t">1</subfield>
    <subfield code="w">2014-08-16</subfield>
    <subfield code="y">LB</subfield>
  </datafield>
  <datafield tag="952" ind1=" " ind2=" ">
    <subfield code="0">0</subfield>
    <subfield code="1">0</subfield>
    <subfield code="2">lcc</subfield>
    <subfield code="4">0</subfield>
    <subfield code="7">0</subfield>
    <subfield code="a">21</subfield>
    <subfield code="b">21</subfield>
    <subfield code="d">2014-08-16</subfield>
    <subfield code="l">1</subfield>
    <subfield code="o">PQ7203 O76 2012</subfield>
    <subfield code="p">21 002497</subfield>
    <subfield code="r">2016-02-25</subfield>
    <subfield code="s">2016-02-25</subfield>
    <subfield code="t">2</subfield>
    <subfield code="w">2014-08-16</subfield>
    <subfield code="y">LB</subfield>
  </datafield>
  <datafield tag="952" ind1=" " ind2=" ">
    <subfield code="0">0</subfield>
    <subfield code="1">0</subfield>
    <subfield code="2">lcc</subfield>
    <subfield code="4">0</subfield>
    <subfield code="7">0</subfield>
    <subfield code="a">21</subfield>
    <subfield code="b">21</subfield>
    <subfield code="d">2014-08-16</subfield>
    <subfield code="l">1</subfield>
    <subfield code="o">PQ7203 O76 2012</subfield>
    <subfield code="p">21 002498</subfield>
    <subfield code="r">2016-12-14</subfield>
    <subfield code="s">2016-12-14</subfield>
    <subfield code="t">3</subfield>
    <subfield code="w">2014-08-16</subfield>
    <subfield code="y">LB</subfield>
  </datafield>
  <datafield tag="999" ind1=" " ind2=" ">
    <subfield code="c">93552</subfield>
    <subfield code="d">93552</subfield>
  </datafield>
  <controlfield tag="008">140816r2012    mx a|||| |||| 00| 0 spa d</controlfield>
  <datafield tag="020" ind1=" " ind2=" ">
    <subfield code="a">9786070109836</subfield>
  </datafield>
  <datafield tag="050" ind1="0" ind2="4">
    <subfield code="a">PQ7203 </subfield>
    <subfield code="b">076 2012</subfield>
  </datafield>
  <datafield tag="100" ind1="1" ind2=" ">
    <subfield code="a">OROPEZA Calderon, Vicente.</subfield>
  </datafield>
  <datafield tag="245" ind1=" " ind2=" ">
    <subfield code="a">Literatura II </subfield>
    <subfield code="c">/ Vicente Oropeza Calderon, Daniel Mir Eliz&#xF3;ndo, Octavio Zaragoza R&#xED;os.</subfield>
  </datafield>
  <datafield tag="260" ind1=" " ind2=" ">
    <subfield code="a">M&#xE9;xico</subfield>
    <subfield code="b">: Santillana</subfield>
    <subfield code="c">, 2012</subfield>
  </datafield>
  <datafield tag="300" ind1=" " ind2=" ">
    <subfield code="a">208 p. </subfield>
    <subfield code="b">: il. </subfield>
    <subfield code="c">; 26 cm.</subfield>
  </datafield>
  <datafield tag="500" ind1=" " ind2=" ">
    <subfield code="a">Reimpresi&#xF3;n, 2012</subfield>
  </datafield>
  <datafield tag="519" ind1=" " ind2=" ">
    <subfield code="a">Material COmplementario /</subfield>
    <subfield code="d">(21 002496, 21 002497, 21 002498)
</subfield>
  </datafield>
  <datafield tag="650" ind1=" " ind2=" ">
    <subfield code="a">LITERATURA - LIBROS DE TEXTO.</subfield>
  </datafield>
  <datafield tag="700" ind1=" " ind2=" ">
    <subfield code="a">Mir Eliz&#xF3;ndo, Daniel</subfield>
  </datafield>
  <datafield tag="700" ind1=" " ind2=" ">
    <subfield code="a">Zaragoza R&#xED;os, Octavio</subfield>
  </datafield>
  <datafield tag="942" ind1=" " ind2=" ">
    <subfield code="2">lcc</subfield>
    <subfield code="c">LB</subfield>
  </datafield>
</record>
